00476nam a2200193Ia 4500001000600000003000500006008004100011010001100052040000900063082001500072100003100087245006500118260003000183300001100213440000500224500000500229503000500234650004300239Z_873CHAP220113s1981 xx 000 0 und d a163536 cCHAP a519.536 D7 aDraper, N R aApplied regression analysis /cby N. R. Draper and H. Smith aNew York :bWiley,c1981 a709 p. a a a aAnálisis de regresión I. Smith, H.